|
|
|
|
| LEADER |
00000nas a2200000 a 4500 |
| 001 |
ssj0000395690 |
| 003 |
WaSeSS |
| 005 |
20200512172242.0 |
| 006 |
m d |
| 007 |
cr n |
| 008 |
091125c20109999nyuuu s 0 0eng d |
| 010 |
|
|
|a 2010208858
|
| 016 |
7 |
|
|a 018911201
|2 Uk
|
| 022 |
|
|
|a 2090-3367
|
| 035 |
|
|
|a (WaSeSS)ssj0000395690
|
| 037 |
|
|
|a ISSN_20903359
|b Portico
|n Hindawi
|
| 040 |
|
|
|a IL4I4
|b eng
|c IL4I4
|d UV0
|d DLC
|d NTE
|d CUS
|d AU@
|d OCLCQ
|d CLU
|d OCLCQ
|d OCLCO
|d OCLCF
|d OCLCO
|d OCLCQ
|d VT2
|d Z5A
|d ZAC
|d OCLCQ
|d WY@
|d U3W
|d UOK
|d CRU
|d MOW
|d WYU
|d OCLCQ
|d UKMGB
|d WaSeSS
|
| 042 |
|
|
|a lccopycat
|
| 050 |
0 |
0 |
|a HD30.23
|
| 082 |
1 |
4 |
|a [E]
|
| 130 |
0 |
|
|a Advances in decision sciences (Online)
|
| 245 |
1 |
0 |
|a Advances in decision sciences
|h [electronic resource].
|
| 260 |
|
|
|a New York, NY :
|b Hindawi Pub. Corp.
|
| 362 |
1 |
|
|a Began with vol. 2010 (2010).
|
| 506 |
|
|
|a License restrictions may limit access.
|
| 515 |
|
|
|a Articles are added continuously to each vol., one vol. per calendar year.
|
| 538 |
|
|
|a Mode of access: World Wide Web.
|
| 588 |
|
|
|a Description based on: Vol. 2010, article ID (1997); title from journal home page (publisher Web Site, viewed May 25, 2010).
|
| 588 |
|
|
|a Latest issue consulted: Vol. 2012, article ID 571034 (Hindawi, viewed Dec. 24, 2011).
|
| 650 |
|
0 |
|a Decision making
|v Periodicals.
|
| 650 |
|
7 |
|a Decision making.
|2 fast
|0 (OCoLC)fst00889035
|
| 655 |
|
0 |
|a Electronic journals.
|
| 776 |
0 |
8 |
|i Print version:
|t Advances in decision sciences
|x 2090-3359
|
| 780 |
0 |
0 |
|t Journal of applied mathematics & decision sciences (Online)
|x 1532-7612
|w (DLC) 2001214576
|w (OCoLC)45880980
|
| 850 |
|
|
|a DLC
|
| 856 |
4 |
0 |
|z Full text available from Research Library: 01/01/2009 to present
|u https://search.proquest.com/publication/25336
|